|
|
|
|
| LEADER |
00000ngm a2200000 a 4500 |
| 001 |
vtls010274918 |
| 003 |
SK-MaSNL |
| 005 |
20260301031723.0 |
| 007 |
vd cvaizu |
| 008 |
110502p2009 xo 123 vlcze |
| 040 |
|
|
|a SNK
|b slo
|c SNK
|e AACR2
|
| 041 |
1 |
|
|a cze
|a eng
|b cze
|h eng
|
| 044 |
|
|
|a xo
|c SK
|
| 072 |
|
7 |
|a 791
|x Film. Cirkus. Ľudová zábava
|2 konspekt
|
| 080 |
|
|
|a 791.221/.228
|2 2001
|
| 080 |
|
|
|a 791.221.5
|2 2001
|
| 080 |
|
|
|a 791.221.7
|2 2001
|
| 080 |
|
|
|a 791.221.41
|2 2001
|
| 080 |
|
|
|a (0.034.44)
|2 2001
|
| 130 |
0 |
|
|a Tristan + Isolde
|9 327698
|
| 245 |
1 |
0 |
|a Tristan & Izolda
|h videozáznam
|c réžia Kevin Reynolds
|
| 246 |
3 |
3 |
|a Tristan & Isolda
|
| 260 |
|
|
|a [Bratislava]
|b Ringier
|c [2009]
|
| 300 |
|
|
|a 1 videodisk (DVD) (123 min.)
|b zvuk., fareb.
|c 12 cm
|
| 490 |
1 |
|
|a Nový Čas vás baví
|
| 500 |
|
|
|a Názov z obalu
|
| 500 |
|
|
|a Britsko-nemecko-americko-český celovečerný film z roku 2006
|
| 508 |
|
|
|a Scenár, Dean Georgaris
|
| 511 |
0 |
|
|a Hrajú: James Franco, Sophia Myles a ďalší
|
| 521 |
8 |
|
|a Nevhodné do 12 rokov
|
| 538 |
|
|
|a DVD video; zvuk DD 5.1; obraz 16:9 PAL; región 2
|
| 546 |
|
|
|a V pôvodnom anglickom znení, český dabing, titulky v češtine
|
| 650 |
0 |
7 |
|a hrané filmy
|2 SNKPH
|9 68885
|
| 650 |
0 |
7 |
|a filmové drámy
|2 SNKPH
|9 320128
|
| 650 |
0 |
7 |
|a romantické filmy
|2 SNKPH
|9 327678
|
| 650 |
0 |
7 |
|a akčné filmy
|2 SNKPH
|9 51531
|
| 655 |
|
7 |
|a DVD
|2 SNKPH
|9 70751
|
| 700 |
1 |
|
|a Reynolds, Kevin,
|d 1952-
|4 drt
|9 211752
|
| 700 |
1 |
|
|a Franco, James,
|d 1978-
|4 act
|9 327699
|
| 700 |
1 |
|
|a Myles, Sophia,
|d 1980-
|4 act
|9 327700
|
| 830 |
|
0 |
|a Nový Čas vás baví
|9 326727
|
| 999 |
|
|
|c 577198
|d 579128
|
| 952 |
|
|
|a SNK
|b SNK
|y PREZ
|7 0
|p 17A0701662
|o snkSDVD 1187
|i snk2011/9811
|8 0
|0 0
|1 0
|4 0
|d 2011-05-02
|l 0
|r 2026-02-23 14:37:35
|w 2026-02-23
|
| 952 |
|
|
|a SNK
|b SNK
|y PREZ
|7 0
|p 17A0746837
|o snkSDVD 1187 D1
|i snk2011/22355
|8 0
|0 0
|1 0
|4 0
|d 2011-11-09
|l 0
|r 2026-02-23 14:37:35
|w 2026-02-23
|